[Event "OLNO 1920 SC Zitadelle-Spandau - SC Kre"]
[Site "?"]
[Date "2019.11.24"]
[Round "3.8"]
[White "Fuchs, Dominik"]
[Black "Vogel, Constantin"]
[Result "0-1"]
[WhiteElo "1973"]
[BlackElo "2113"]
[PlyCount "90"]
[EventDate "2019.??.??"]

1. e4 Nf6 2. e5 Nd5 3. d4 d6 4. Nf3 Bg4 5. Be2 e6 6. O-O Be7 7. c4 Nb6 8. Nc3
O-O 9. Be3 d5 10. c5 Bxf3 11. gxf3 N6d7 12. f4 b6 13. b4 a5 14. a3 Nc6 15. b5
Nxd4 16. Qxd4 bxc5 17. Qd3 d4 18. Bf3 Rb8 19. Rfd1 Nb6 20. Qe2 Qc8 21. Bxd4
cxd4 22. Rxd4 Bc5 23. Rd3 Rd8 24. Bc6 Rxd3 25. Qxd3 Qf8 26. Ne4 Rd8 27. Qg3 Rd4
28. Qc3 Nc4 29. Rc1 Bb6 30. Ra1 Qd8 31. Ra2 a4 32. Kg2 h6 33. Kg1 Qh4 34. Qf3
Qd8 35. Qc3 Ba5 36. Qh3 Rd3 37. Qg4 Rd1+ 38. Kg2 Qd3 39. Nf6+ Kh8 40. Be4 Ne3+
41. Kf3 Qb3 42. Qh5 Nd5+ 43. Kg4 Rg1+ 44. Kh4 Nxf4 45. Qf3 g5# 0-1

[Event "OLNO 1920 SK König Tegel II - Greifswa"]
[Site "?"]
[Date "2019.11.24"]
[Round "3.1"]
[White "Leisner, Hannes"]
[Black "Giemsa, Stephan"]
[Result "0-1"]
[WhiteElo "2247"]
[BlackElo "2298"]
[PlyCount "58"]
[EventDate "2019.??.??"]

1. e4 e6 2. d4 d5 3. e5 c5 4. c3 Nc6 5. Nf3 Qb6 6. a3 f6 7. Bd3 fxe5 8. Nxe5
Nf6 9. O-O cxd4 10. Nxc6 bxc6 11. cxd4 Bd6 12. Nc3 O-O 13. Na4 Qc7 14. f4 c5
15. dxc5 Bxc5+ 16. Nxc5 Qxc5+ 17. Kh1 e5 18. Bd2 e4 19. Be2 Rd8 20. Bb4 Qb6 21.
Rc1 Be6 22. Qd2 e3 23. Qe1 Rac8 24. Rxc8 Rxc8 25. Bd3 d4 26. Qh4 Qb7 27. h3 Bd5
28. Kh2 Be4 29. Bxe4 Qxe4 0-1

[Event "OLNO 1920 SK König Tegel II - Greifswa"]
[Site "?"]
[Date "2019.11.24"]
[Round "3.2"]
[White "Anibar, Ahmed"]
[Black "Stubbe, Wilko"]
[Result "1/2-1/2"]
[WhiteElo "2270"]
[BlackElo "2210"]
[PlyCount "63"]
[EventDate "2019.??.??"]

1. e4 e6 2. f4 d5 3. e5 c5 4. Nf3 Nc6 5. c3 Nge7 6. Na3 Nf5 7. Nc2 Be7 8. d4
O-O 9. Bd3 cxd4 10. cxd4 Qb6 11. O-O a5 12. g4 Nfxd4 13. Nfxd4 Bc5 14. Be3 Nxd4
15. Nxd4 Bxd4 16. Bxh7+ Kxh7 17. Bxd4 Qd8 18. Rc1 Rh8 19. Rc3 Bd7 20. Rff3 Rc8
21. Kg2 Rxc3 22. Rxc3 Kg8 23. b3 Qh4 24. h3 Bc6 25. Rg3 Qh7 26. Re3 Qg6 27. Qd3
Kh7 28. Qxg6+ Kxg6 29. Rc3 a4 30. b4 Rc8 31. b5 Bd7 32. Rxc8 1/2-1/2

[Event "OLNO 1920 SK König Tegel II - Greifswa"]
[Site "?"]
[Date "2019.11.24"]
[Round "3.3"]
[White "Fromm, Marius"]
[Black "Jahnz, Fabian"]
[Result "1/2-1/2"]
[WhiteElo "2194"]
[BlackElo "2231"]
[PlyCount "168"]
[EventDate "2019.??.??"]

1. Nf3 d5 2. g3 Bg4 3. Bg2 Nd7 4. c4 e6 5. cxd5 exd5 6. O-O Ngf6 7. Nc3 c6 8.
d3 Bc5 9. h3 Bh5 10. d4 Be7 11. Nh4 Bg6 12. Bg5 Ne4 13. Nxg6 hxg6 14. Nxe4 dxe4
15. Bd2 Nf6 16. e3 Bd6 17. b4 Qd7 18. Qe2 g5 19. Rfc1 a6 20. a4 Ke7 21. Rab1 b5
22. Rc2 Rac8 23. Ra2 Qe6 24. Rba1 Rc7 25. axb5 axb5 26. Ra7 Rhc8 27. R7a6 g6
28. Be1 Nd5 29. Qb2 f5 30. Rc1 Kf7 31. Qb1 Qe7 32. Bf1 f4 33. Qb3 Qe6 34. Be2
f3 35. Bf1 g4 36. hxg4 g5 37. Qa2 Kg7 38. Ra8 Qh6 39. Rxc6 Rxc6 40. Qxd5 Rxa8
41. Qxc6 Ra1 42. Qd7+ Kg8 43. Qc8+ Bf8 44. Qc3 Rb1 45. Bxb5 Bxb4 46. Qxb4 Rxb4
47. Bxb4 Qh3 48. Bc4+ Kg7 49. Bf1 Qxg4 50. Bd6 Kf7 51. Bb4 Qe6 52. Ba5 Qd5 53.
Bb4 g4 54. Bc3 Ke6 55. Bb4 Kd7 56. Bc3 Kc6 57. Bb4 Kb6 58. Bc3 Qb3 59. Bd2 Qc2
60. Bb4 Qc1 61. Be7 Qd2 62. Bd8+ Kc6 63. Be7 Qc1 64. Bc5 Qb1 65. Be7 Qb3 66.
Bc5 Qb7 67. Bc4 Qb1+ 68. Bf1 Qa2 69. Be7 Qd5 70. Bc5 Kb7 71. Bb5 Qe6 72. Bf1
Kc6 73. Ba6 Qb3 74. Bf1 Qa2 75. Be7 Kb7 76. Bc5 Qa4 77. Be7 Qc6 78. Bc5 Qd7 79.
Bc4 Qa4 80. Bf1 Qd1 81. Be7 Kc6 82. Bc5 Qc1 83. Be7 Kb7 84. Bc5 Qd1 1/2-1/2

[Event "OLNO 1920 SK König Tegel II - Greifswa"]
[Site "?"]
[Date "2019.11.24"]
[Round "3.4"]
[White "Lorenz, Sascha"]
[Black "Skibbe, Willi"]
[Result "1-0"]
[WhiteElo "2259"]
[BlackElo "2223"]
[PlyCount "161"]
[EventDate "2019.??.??"]

1. c4 f5 2. Nf3 Nf6 3. g3 g6 4. Bg2 Bg7 5. O-O O-O 6. Nc3 d6 7. d3 Nc6 8. Rb1
a5 9. a3 Nh5 10. Nd5 e6 11. Nf4 Nf6 12. b4 axb4 13. axb4 Qe8 14. b5 Nd8 15. Qc2
c6 16. bxc6 bxc6 17. c5 e5 18. Nh3 d5 19. Bb2 e4 20. Nd4 h6 21. f3 e3 22. f4
Ng4 23. Qb3 Rf7 24. Ra1 Rxa1 25. Bxa1 Rb7 26. Qa2 Kh7 27. Rb1 Qe7 28. Rxb7 Qxb7
29. Bc3 Ne6 30. Qa1 Nxc5 31. Nxc6 Nb3 32. Qb2 Qxc6 33. Bxg7 Qc1+ 34. Qxc1 Nxc1
35. Bb2 Na2 36. Bxd5 Nb4 37. Bf3 Be6 38. Kg2 Kg8 39. Ng1 Nc2 40. h3 Nf2 41. Bc3
g5 42. fxg5 hxg5 43. g4 Kf7 44. gxf5 Bxf5 45. Bd5+ Kg6 46. Bb3 Nxd3 47. exd3
Bxd3 48. Nf3 Be4 49. Kg3 e2 50. Bxc2 Bxc2 51. Kf2 Kh5 52. Bf6 g4 53. Ne1 Ba4
54. h4 Bb5 55. Ng2 Kg6 56. Bc3 Kf5 57. Kg3 Bd7 58. Ne3+ Kg6 59. Nxg4 Bb5 60.
Ne3 Bd7 61. Ng2 Bb5 62. Bd2 Ba6 63. Nf4+ Kf5 64. Kf3 Bb7+ 65. Ke3 Kg4 66. Be1
Bc6 67. Nxe2 Be8 68. Nf4 Bf7 69. Ke4 Be8 70. Ke5 Ba4 71. Nd5 Kh5 72. Nf6+ Kg6
73. h5+ Kg7 74. Bd2 Bc2 75. Ne4 Bd1 76. h6+ Kg6 77. Ke6 Kh7 78. Kf7 Bb3+ 79.
Kf8 Bc2 80. Nf6+ Kh8 81. h7 1-0

[Event "OLNO 1920 SK König Tegel II - Greifswa"]
[Site "?"]
[Date "2019.11.24"]
[Round "3.5"]
[White "Weber, Max"]
[Black "Niehaus, Frank"]
[Result "1-0"]
[WhiteElo "2245"]
[BlackElo "2099"]
[PlyCount "105"]
[EventDate "2019.??.??"]

1. Nf3 Nf6 2. c4 g6 3. Nc3 Bg7 4. e4 d6 5. d4 O-O 6. Be2 e5 7. O-O Nc6 8. dxe5
dxe5 9. Bg5 Qxd1 10. Rfxd1 Bg4 11. h3 Bxf3 12. Bxf3 Nd4 13. Nd5 Nxd5 14. cxd5
f5 15. Kf1 Rf7 16. Bd2 Bf8 17. Rac1 Bd6 18. Be3 fxe4 19. Bxe4 Nf5 20. Bxf5 gxf5
21. Bc5 Bxc5 22. Rxc5 Rd8 23. Rdc1 Rdd7 24. Ke2 Kf8 25. Ke3 Ke8 26. f4 exf4+
27. Kxf4 Kd8 28. Rd1 Rd6 29. Rc3 Ra6 30. a3 Rd6 31. Re3 Kd7 32. Re5 Rdf6 33.
Rde1 Kd6 34. R1e2 Rg6 35. Rxf5 Rxf5+ 36. Kxf5 Kxd5 37. g4 Rh6 38. Rh2 Kd6 39.
g5 Rg6 40. h4 c5 41. h5 Rg8 42. Kf6 b5 43. Rd2+ Kc6 44. g6 hxg6 45. hxg6 a5 46.
Kf7 Rh8 47. g7 Rh7 48. Kf8 Rxg7 49. Kxg7 c4 50. Kf6 Kc5 51. Ke5 b4 52. Rd5+ Kb6
53. axb4 1-0

[Event "OLNO 1920 SK König Tegel II - Greifswa"]
[Site "?"]
[Date "2019.11.24"]
[Round "3.6"]
[White "Maxion, Dirk"]
[Black "Lange, Jannis"]
[Result "1-0"]
[WhiteElo "2084"]
[BlackElo "2074"]
[PlyCount "73"]
[EventDate "2019.??.??"]

1. e4 c5 2. Nf3 Nc6 3. d4 cxd4 4. Nxd4 Nf6 5. Nc3 e5 6. Ndb5 d6 7. Bg5 a6 8.
Na3 b5 9. Nd5 Be7 10. Bxf6 Bxf6 11. c3 Bg5 12. Nc2 Rb8 13. Qd3 O-O 14. g3 Ne7
15. Nce3 Bxe3 16. Nxe3 Bb7 17. Bg2 Qb6 18. O-O Rfd8 19. Rfd1 Bc6 20. Rd2 Qb7
21. Rad1 Rd7 22. Qe2 Bxe4 23. Rxd6 Rxd6 24. Rxd6 Bxg2 25. Nxg2 Ng6 26. Qd3 Rf8
27. Rd7 Qc6 28. Rd6 Qc8 29. Qd5 Qf5 30. Qd1 e4 31. Ne3 Qc8 32. Qd5 Re8 33. Nf5
Kf8 34. Rd7 Qc4 35. Rxf7+ Kg8 36. Rxg7+ Kh8 37. Qd7 1-0

[Event "OLNO 1920 SK König Tegel II - Greifswa"]
[Site "?"]
[Date "2019.11.24"]
[Round "3.7"]
[White "Bartolomaeus, Christian"]
[Black "Rath, Alina"]
[Result "0-1"]
[WhiteElo "2204"]
[BlackElo "2050"]
[PlyCount "98"]
[EventDate "2019.??.??"]

1. e4 c5 2. Nf3 d6 3. d3 Nc6 4. g3 g6 5. Bg2 Bg7 6. O-O e5 7. c3 Nge7 8. Be3
O-O 9. Qd2 f5 10. Bh6 f4 11. Bxg7 Kxg7 12. Na3 h6 13. h3 g5 14. g4 Ng6 15. Ne1
Be6 16. f3 d5 17. Rf2 a6 18. b3 Rf7 19. Qb2 b5 20. Nac2 Rb8 21. b4 cxb4 22.
Nxb4 Nxb4 23. Qxb4 a5 24. Qb2 b4 25. Bf1 bxc3 26. Qxc3 Qb6 27. Rc1 Rc8 28. Qa3
Rxc1 29. Qxc1 dxe4 30. dxe4 Bxa2 31. Qb2 Bb3 32. Nd3 Re7 33. h4 Nxh4 34. Kh1
Ng6 35. Rc2 a4 36. Rc5 Qd6 37. Qc1 Nh4 38. Be2 Ng6 39. Nb4 Ra7 40. Nc6 Rd7 41.
Kg1 Qd2 42. Kf1 Qxc1+ 43. Rxc1 a3 44. Ra1 a2 45. Ke1 Bf7 46. Na5 Nh4 47. Bd1
Ra7 48. Nb3 Nxf3+ 49. Ke2 Bxb3 0-1

[Event "OLNO 1920 SK König Tegel II - Greifswa"]
[Site "?"]
[Date "2019.11.24"]
[Round "3.8"]
[White "Bubolz, Konstantin"]
[Black "Kuersten, Ruediger"]
[Result "1/2-1/2"]
[WhiteElo "2130"]
[BlackElo "2176"]
[PlyCount "119"]
[EventDate "2019.??.??"]

1. d4 d5 2. c4 c6 3. Nc3 Nf6 4. Nf3 a6 5. a4 g6 6. e3 Bg7 7. Bd3 O-O 8. Qc2
Nbd7 9. O-O Qc7 10. cxd5 cxd5 11. b4 e5 12. Bb2 Re8 13. Rac1 Qd6 14. dxe5 Nxe5
15. Nxe5 Rxe5 16. Ne2 Re8 17. Nf4 Be6 18. Qc5 Qxc5 19. Rxc5 Ne4 20. Bxe4 dxe4
21. Bxg7 Kxg7 22. Rc7 Bb3 23. a5 Rab8 24. Rb1 Ba4 25. g4 b6 26. Ra1 Bb5 27.
axb6 Rxb6 28. Nd5 Rd6 29. Rc5 Red8 30. Nc3 Bd3 31. Re5 Re6 32. Rxe6 fxe6 33.
Kg2 Rb8 34. Ra4 Rc8 35. Ra3 Rc4 36. b5 axb5 37. Nxb5 Rc1 38. Nd4 e5 39. Nb3 Rc3
40. Ra7+ Kf6 41. Nd2 Rc2 42. Nf1 Be2 43. h3 Bf3+ 44. Kg3 Rc1 45. Nd2 Rg1+ 46.
Kh4 g5+ 47. Kh5 Bxg4+ 48. Kh6 Bf3 49. Ra6+ Kf5 50. Nc4 Be2 51. Kg7 g4 52. Rf6+
Kg5 53. h4+ Kxh4 54. Rh6+ Kg5 55. Nd6 g3 56. Nxe4+ Kg4 57. Nxg3 Bd3 58. Kf6 Kf3
59. Kxe5 Kxf2 60. Nf5 1/2-1/2

[Event "OLNO 1920 SC Weisse Dame - SF Berlin II"]
[Site "?"]
[Date "2019.11.24"]
[Round "3.1"]
[White "Modler, Andreas"]
[Black "Moeller, Hendrik"]
[Result "1/2-1/2"]
[WhiteElo "2228"]
[BlackElo "2267"]
[PlyCount "114"]
[EventDate "2019.??.??"]

1. c4 Nf6 2. Nc3 c5 3. g3 e6 4. Nf3 Be7 5. Bg2 O-O 6. O-O Nc6 7. d4 d5 8. cxd5
exd5 9. dxc5 Bxc5 10. a3 Be7 11. b4 Bg4 12. Bb2 Rc8 13. Rc1 Qd6 14. Nb5 Qe6 15.
Nbd4 Qd6 16. Qd3 a5 17. b5 Na7 18. h3 Bd7 19. Qb3 b6 20. a4 Ne4 21. Rfd1 Nc5
22. Qa2 Rcd8 23. e3 Nc8 24. Ne2 Qh6 25. Nf4 Be6 26. Ne5 Bg5 27. Nxe6 fxe6 28.
Bd4 Ne4 29. Ng4 Qg6 30. f4 Be7 31. Bxe4 Qxe4 32. Qc2 Qf3 33. Qg2 Qxg2+ 34. Kxg2
Bc5 35. Bxc5 bxc5 36. Rxc5 Nb6 37. Rc6 Nxa4 38. Ra1 Nb2 39. Rxe6 Nc4 40. Kf3
Rb8 41. b6 Kf7 42. Rc6 Rfe8 43. Ne5+ Rxe5 44. Rxc4 Rxe3+ 45. Kxe3 dxc4 46. Rb1
a4 47. Kd4 a3 48. Kc5 a2 49. Re1 c3 50. Kc6 c2 51. b7 Rd8 52. Rc1 Ke6 53. g4
Rd6+ 54. Kc5 Rd5+ 55. Kc6 Rd6+ 56. Kc5 Rd5+ 57. Kc6 Rd6+ 1/2-1/2

[Event "OLNO 1920 SC Weisse Dame - SF Berlin II"]
[Site "?"]
[Date "2019.11.24"]
[Round "3.2"]
[White "Waldmann, Hans-Joachim"]
[Black "Nogly, Christoph"]
[Result "1-0"]
[WhiteElo "2272"]
[BlackElo "2235"]
[PlyCount "59"]
[EventDate "2019.??.??"]

1. d4 d5 2. Nf3 Nf6 3. c4 e6 4. Nc3 Nbd7 5. Bg5 h6 6. Bh4 Be7 7. e3 O-O 8. Qc2
a6 9. cxd5 exd5 10. Bd3 c6 11. O-O Nh5 12. Bxe7 Qxe7 13. Rfe1 Nhf6 14. Rad1 Re8
15. e4 dxe4 16. Nxe4 Nxe4 17. Bxe4 Qf8 18. d5 cxd5 19. Bxd5 Nf6 20. Rxe8 Qxe8
21. Re1 Qb5 22. Bc4 Bf5 23. Qc3 Qb6 24. Re7 Rf8 25. Qb3 Qxb3 26. Bxb3 Be4 27.
Ne5 Rc8 28. h3 Nd5 29. Rxf7 Re8 30. Rf4 1-0

[Event "OLNO 1920 SC Weisse Dame - SF Berlin II"]
[Site "?"]
[Date "2019.11.24"]
[Round "3.3"]
[White "Wintzer, Joachim"]
[Black "Venske, Kai-Gerrit"]
[Result "1-0"]
[WhiteElo "2273"]
[BlackElo "2173"]
[PlyCount "68"]
[EventDate "2019.??.??"]

1. Nf3 d6 2. e4 Nf6 3. Nc3 c5 4. e5 dxe5 5. Nxe5 Nbd7 6. Nc4 g6 7. g3 Bg7 8.
Bg2 O-O 9. O-O Nb6 10. Ne3 e6 11. Qf3 Qc7 12. a4 Rd8 13. d3 Nbd5 14. Bd2 a6 15.
a5 Nb4 16. Rfc1 Nfd5 17. Ncxd5 Nxd5 18. Nxd5 Rxd5 19. Bc3 Bxc3 20. bxc3 Kg7 21.
c4 Rd4 22. Qe3 Rd8 23. Rcb1 Rb8 24. Rb6 h6 25. Rab1 e5 26. Bd5 Re8 27. Qf3 f5
28. Bxb7 e4 29. Bxe4 Bd7 30. Bd5 g5 31. Rb7 Rxb7 32. Rxb7 Qd6 33. Qh5 Re7 34.
Rb6 Re1+ 1-0

[Event "OLNO 1920 SC Weisse Dame - SF Berlin II"]
[Site "?"]
[Date "2019.11.24"]
[Round "3.4"]
[White "Uhl, Heinz"]
[Black "Hoffmann, Udo"]
[Result "0-1"]
[WhiteElo "2147"]
[BlackElo "2313"]
[PlyCount "96"]
[EventDate "2019.??.??"]

1. c4 c5 2. Nf3 Nf6 3. Nc3 b6 4. e4 d6 5. d4 cxd4 6. Nxd4 Bb7 7. Bd3 Nbd7 8.
Qe2 g6 9. O-O Bg7 10. Bg5 O-O 11. Rad1 a6 12. Bb1 Rc8 13. Nd5 h6 14. Bh4 Re8
15. Nxf6+ exf6 16. f3 Qc7 17. b3 f5 18. Qf2 fxe4 19. Bxe4 Bxe4 20. fxe4 Nc5 21.
Rfe1 Nxe4 22. Qf3 f5 23. Bf2 Re7 24. Be3 Rce8 25. g4 f4 26. Qxf4 Rf7 27. Nf5
gxf5 28. gxf5 Qc6 29. Rd5 Ng5 30. Qg3 Kh8 31. h4 Ne4 32. Qg6 Rf6 33. Qh5 Rg8
34. Bd4 Ng3 35. Qf3 Rxf5 36. Qd3 Rxd5 37. cxd5 Qb5 38. Bxg7+ Rxg7 39. Qxb5 axb5
40. Re8+ Rg8 41. Re6 Nf5+ 42. Kf2 Kg7 43. Re4 Ra8 44. a4 bxa4 45. bxa4 Ra5 46.
Rb4 Kf6 47. Kf3 Rxd5 48. Rxb6 Rd4 0-1

[Event "OLNO 1920 SC Weisse Dame - SF Berlin II"]
[Site "?"]
[Date "2019.11.24"]
[Round "3.5"]
[White "Brettschneider, Stefan"]
[Black "Abraham, Ingo"]
[Result "1/2-1/2"]
[WhiteElo "2272"]
[BlackElo "2208"]
[PlyCount "82"]
[EventDate "2019.??.??"]

1. e4 c5 2. Nc3 e6 3. g3 d5 4. d3 Nf6 5. Bg2 Nc6 6. Bd2 Be7 7. Nf3 O-O 8. O-O
a6 9. a4 b6 10. Re1 d4 11. Nb1 e5 12. Na3 Re8 13. Nc4 Nd7 14. Bh3 Bf8 15. Nh4
g6 16. Ng2 Rb8 17. f4 b5 18. axb5 axb5 19. Na5 Nxa5 20. Bxa5 Qe7 21. Bd2 Nb6
22. Bxc8 Rexc8 23. fxe5 Bg7 24. Ra5 Nd7 25. Ra7 Qe8 26. Bf4 Nxe5 27. Rf1 Ra8
28. Qa1 Nc6 29. Ra3 c4 30. Bd2 b4 31. Ra4 c3 32. Bc1 Ne5 33. Rxa8 Rxa8 34. Qb1
Qa4 35. bxc3 bxc3 36. Bf4 Qa2 37. Qb7 Qa7 38. Qd5 Qa5 39. Qb7 Qa7 40. Qd5 Qa2
41. Qb7 Qa7 1/2-1/2

[Event "OLNO 1920 SC Weisse Dame - SF Berlin II"]
[Site "?"]
[Date "2019.11.24"]
[Round "3.6"]
[White "Kaiser, Martin"]
[Black "Noetzel, Felix"]
[Result "0-1"]
[WhiteElo "2155"]
[BlackElo "2251"]
[PlyCount "70"]
[EventDate "2019.??.??"]

1. c4 e5 2. Nc3 Nf6 3. g3 d5 4. cxd5 Nxd5 5. Bg2 Nb6 6. Nf3 Nc6 7. O-O Be7 8.
a3 O-O 9. b4 Be6 10. Rb1 a6 11. d3 f5 12. Bb2 Qd7 13. Na4 Nxa4 14. Qxa4 e4 15.
dxe4 fxe4 16. Rfd1 Qe8 17. Ne5 e3 18. f4 Nxe5 19. Qxe8 Raxe8 20. Bxe5 c6 21.
Rd4 Rd8 22. Bf3 Bf5 23. Rb3 c5 24. bxc5 Bxc5 25. Bd5+ Kh8 26. Rd1 b6 27. Rc3
Be4 28. Bb3 Rxd1+ 29. Bxd1 Rd8 30. Bc2 Bxc2 31. Rxc2 Rd2 32. Rc4 Rxe2 33. Re4
h6 34. f5 Rc2 35. Kf1 Rf2+ 0-1

[Event "OLNO 1920 SC Weisse Dame - SF Berlin II"]
[Site "?"]
[Date "2019.11.24"]
[Round "3.7"]
[White "Van Hasselt, Frank"]
[Black "Kyritz, Michael"]
[Result "1/2-1/2"]
[WhiteElo "2244"]
[BlackElo "2246"]
[PlyCount "46"]
[EventDate "2019.??.??"]

1. c4 Nf6 2. g3 e6 3. Bg2 d5 4. Nf3 Be7 5. O-O O-O 6. b3 b6 7. Bb2 Bb7 8. Ne5
c5 9. e3 Nc6 10. d4 Rc8 11. Nd2 Rc7 12. Ndf3 Qa8 13. Nxc6 Bxc6 14. Ne5 Bb7 15.
Rc1 Rd8 16. Qe2 dxc4 17. Bxb7 Qxb7 18. Nxc4 Ne4 19. dxc5 Rxc5 20. f3 Nf6 21. e4
b5 22. Ne5 h6 23. Kg2 a6 1/2-1/2

[Event "OLNO 1920 SC Weisse Dame - SF Berlin II"]
[Site "?"]
[Date "2019.11.24"]
[Round "3.8"]
[White "Prange, Stefan"]
[Black "Weber, Daniel"]
[Result "1/2-1/2"]
[WhiteElo "2176"]
[BlackElo "2069"]
[PlyCount "92"]
[EventDate "2019.??.??"]

1. d4 Nf6 2. c4 g6 3. Nc3 Bg7 4. e4 d6 5. Be2 O-O 6. Bg5 h6 7. Be3 e5 8. d5 a5
9. Qd2 Kh7 10. h4 Na6 11. f3 Nh5 12. g4 Ng3 13. Rh2 Nxe2 14. Ngxe2 f5 15. h5 f4
16. hxg6+ Kxg6 17. Bf2 Nc5 18. O-O-O Bd7 19. Kb1 a4 20. Rdh1 Qe8 21. Nc1 b5 22.
cxb5 Bxb5 23. Bxc5 dxc5 24. Nxb5 Qxb5 25. Qc3 c4 26. Rc2 c6 27. dxc6 Qxc6 28.
Qxc4 Qd6 29. Qe2 Rfd8 30. Qh2 a3 31. b3 Kf7 32. Qh5+ Kg8 33. g5 Rac8 34. Rhh2
Rxc2 35. Rxc2 hxg5 36. Qxg5 Qd7 37. Qg1 Rc8 38. Rxc8+ Qxc8 39. Qd1 Qc3 40. Nd3
Kh7 41. b4 Bf8 42. Qb3 Qd4 43. Qf7+ Bg7 44. Kc2 Qe3 45. Qh5+ Kg8 46. Qe8+ Kh7
1/2-1/2

[Event "OLNO 1920 SV Empor Berlin - SG Lok Bran"]
[Site "?"]
[Date "2019.11.24"]
[Round "3.1"]
[White "Rehberg, Raphael"]
[Black "Volke, Karsten"]
[Result "1-0"]
[WhiteElo "2236"]
[BlackElo "2456"]
[PlyCount "83"]
[EventDate "2019.??.??"]

1. e4 e5 2. Bc4 Nf6 3. d3 Nc6 4. Nf3 Bc5 5. c3 a6 6. Nbd2 O-O 7. O-O Ba7 8. Re1
d6 9. Bb3 Ng4 10. Re2 Kh8 11. Nf1 f5 12. exf5 Bxf5 13. Ng3 Bd7 14. h3 Rxf3 15.
gxf3 Nxf2 16. Rxf2 Qh4 17. Ne4 Bxf2+ 18. Nxf2 Qg3+ 19. Kf1 Rf8 20. Bd5 Ne7 21.
Bxb7 c6 22. f4 Nd5 23. Ke2 Nxf4+ 24. Bxf4 Rxf4 25. Nh1 Qh2+ 26. Ke3 d5 27. Qe2
Qxh3+ 28. Kd2 Qf5 29. Re1 e4 30. Bxa6 h6 31. dxe4 Rxe4 32. Qf2 Qg5+ 33. Kc2 Rf4
34. Qd2 c5 35. Bd3 c4 36. Be2 Bf5+ 37. Kc1 Be4 38. Bd1 Qh4 39. Bc2 g5 40. Bxe4
dxe4 41. Rd1 g4 42. Qxf4 1-0

[Event "OLNO 1920 SV Empor Berlin - SG Lok Bran"]
[Site "?"]
[Date "2019.11.24"]
[Round "3.3"]
[White "Walter, Guenter"]
[Black "Szajbely, Zsigmond"]
[Result "1-0"]
[WhiteElo "2139"]
[BlackElo "2275"]
[PlyCount "139"]
[EventDate "2019.??.??"]

1. e4 c5 2. b3 Nc6 3. Bb2 e6 4. Nf3 d6 5. Bb5 Bd7 6. O-O Nf6 7. Re1 Be7 8. d4
cxd4 9. Nxd4 O-O 10. c4 Qc8 11. Nc3 a6 12. Bxc6 bxc6 13. e5 dxe5 14. Nf3 Qc7
15. Nxe5 Bc8 16. Ne2 Rd8 17. Qc2 c5 18. Ng3 Bb7 19. Qe2 Bf8 20. Ng4 Nxg4 21.
Qxg4 f5 22. Qg5 Qf7 23. Rad1 Be7 24. Qf4 Rac8 25. h4 Rxd1 26. Rxd1 Bd8 27. h5
h6 28. Qd6 Bc7 29. Qd7 Rd8 30. Qxf7+ Kxf7 31. Rxd8 Bxd8 32. Be5 Bf6 33. f4 Bxe5
34. fxe5 f4 35. Ne2 f3 36. gxf3 Bxf3 37. Nf4 Be4 38. Kf2 Bb1 39. a3 a5 40. Ke3
Bc2 41. b4 cxb4 42. axb4 axb4 43. c5 Ba4 44. Kd3 Bb5+ 45. Kc2 Bc4 46. Nd3 Ke7
47. Nxb4 Be2 48. Nc6+ Kd7 49. Nd4 Bxh5 50. c6+ Ke7 51. Kd3 g5 52. Ke3 Bg4 53.
Nb5 h5 54. Nd6 Kd8 55. Kd4 Bf3 56. Kc5 g4 57. Kb6 Bxc6 58. Kxc6 g3 59. Nf7+ Ke7
60. Ng5 h4 61. Kc7 g2 62. Nh3 Kf8 63. Kd6 Kf7 64. Kd7 Kg6 65. Kxe6 Kh5 66. Kf5
Kh6 67. e6 Kg7 68. Kg5 Kf8 69. Kf6 Ke8 70. e7 1-0

[Event "OLNO 1920 SV Empor Berlin - SG Lok Bran"]
[Site "?"]
[Date "2019.11.24"]
[Round "3.4"]
[White "Urban, Julian"]
[Black "Urban, Hans-Rainer"]
[Result "1-0"]
[WhiteElo "2240"]
[BlackElo "2089"]
[PlyCount "123"]
[EventDate "2019.??.??"]

1. b3 e5 2. Bb2 Nc6 3. e3 Nf6 4. c4 Be7 5. d3 O-O 6. a3 Re8 7. Nf3 Bf8 8. Be2
d6 9. Nc3 a6 10. Qc2 g6 11. O-O Bg7 12. Rac1 Bf5 13. Nd2 Rc8 14. Nde4 Ne7 15.
b4 Nd7 16. Ng3 Be6 17. Bf3 Rb8 18. Bd5 Nf8 19. Bf3 Nd7 20. Rfd1 f5 21. Be2 h5
22. d4 h4 23. Nf1 exd4 24. exd4 Bh6 25. d5 Bf7 26. Rd4 Bg5 27. Rcd1 Bf6 28.
R4d2 Kg7 29. f4 Ng8 30. Bf3 Qe7 31. Ne2 Bxb2 32. Qxb2+ Qf6 33. Nd4 Re7 34. Qc3
a5 35. c5 axb4 36. axb4 Nf8 37. Ne3 Nh6 38. h3 Rbe8 39. Nc4 b6 40. cxd6 cxd6
41. Nxd6 Rd8 42. Nc8 Ree8 43. Na7 Bxd5 44. Nac6 Rd6 45. Ne5 Nf7 46. Nb5 Nxe5
47. Nxd6 Nxf3+ 48. Qxf3 Qxd6 49. Rxd5 Qxb4 50. Qf2 Ne6 51. Rd7+ Kg8 52. Qxh4
Nf8 53. Rd8 Rxd8 54. Rxd8 Qc3 55. Qg5 Qg7 56. Kh2 Qf7 57. Rb8 Kg7 58. Qd8 Nh7
59. Qd4+ Kh6 60. Rxb6 Qc7 61. Rd6 Qg7 62. Qxg7+ 1-0

[Event "OLNO 1920 SV Empor Berlin - SG Lok Bran"]
[Site "?"]
[Date "2019.11.24"]
[Round "3.6"]
[White "Nitsche-Hahn, Raphael"]
[Black "Rettig, Maik"]
[Result "0-1"]
[WhiteElo "2084"]
[BlackElo "2017"]
[PlyCount "102"]
[EventDate "2019.??.??"]

1. d4 Nf6 2. Bf4 e6 3. e3 Nc6 4. Nf3 h6 5. h4 a6 6. Bd3 d5 7. Nbd2 Bd6 8. Ne5
Bxe5 9. dxe5 Nd7 10. Qg4 g6 11. Nf3 Ne7 12. c3 Nc5 13. Bc2 Bd7 14. a4 a5 15.
O-O Nf5 16. Rfd1 Qe7 17. h5 g5 18. Bh2 b6 19. Nd2 c6 20. Rdb1 O-O 21. b4 axb4
22. cxb4 Nb7 23. Qe2 Qd8 24. Nf3 Kg7 25. g4 Ne7 26. Nd2 c5 27. f4 Nc6 28. f5
exf5 29. gxf5 f6 30. e6 Be8 31. e4 Nxb4 32. Rxb4 cxb4 33. e5 Qe7 34. Bb3 Qc5+
35. Kh1 Bc6 36. exf6+ Rxf6 37. Be5 d4+ 38. Kh2 Qc3 39. Bxf6+ Kxf6 40. Nc4 d3
41. Qb2 Na5 42. Rc1 Qxb2+ 43. Nxb2 d2 44. Rc2 Rd8 45. Nd1 Rd3 46. Bc4 Nxc4 47.
Rxc4 Bxa4 48. Rc7 Kxf5 49. e7 Kf6 50. Ra7 Be8 51. Kg1 Ra3 0-1

[Event "OLNO 1920 SV Empor Berlin - SG Lok Bran"]
[Site "?"]
[Date "2019.11.24"]
[Round "3.7"]
[White "Mueller, Klaus"]
[Black "Jahn, Thomas"]
[Result "0-1"]
[WhiteElo "1948"]
[BlackElo "2218"]
[PlyCount "154"]
[EventDate "2019.??.??"]

1. e4 e5 2. Nf3 Nc6 3. Bb5 g6 4. O-O Bg7 5. c3 Nge7 6. d4 exd4 7. cxd4 d5 8.
exd5 Nxd5 9. Re1+ Be6 10. Bg5 Qd6 11. Nc3 O-O 12. Qd2 Bg4 13. Bxc6 bxc6 14. Ne4
Qb4 15. Qxb4 Nxb4 16. Be7 Nc2 17. Bxf8 Kxf8 18. Ne5 Be6 19. Red1 Nxa1 20. Rxa1
Rb8 21. b3 Rb5 22. Nc3 Ra5 23. Re1 Ra6 24. h3 Bc8 25. a4 c5 26. d5 Rd6 27. Re3
Bb7 28. f4 a6 29. Rd3 g5 30. g3 gxf4 31. gxf4 Bh6 32. Nc4 Rg6+ 33. Kf2 Bxf4 34.
Ne4 Bh2 35. Kf1 Bc8 36. Rf3 Kg7 37. Nxc5 Bg3 38. Ne3 Bxh3+ 39. Ke2 h5 40. Nxa6
Bc8 41. Nc5 h4 42. Ne4 Be5 43. Nf5+ Kf8 44. Nxh4 Rg4 45. Nc5 Rxh4 46. Kd2 Bg4
47. Rf1 Rh2+ 48. Ke3 Rc2 49. b4 f5 50. Nd7+ Ke8 51. Nxe5 Re2+ 52. Kd4 Re4+ 53.
Kc5 Rxe5 54. a5 Kd7 55. a6 Kc8 56. b5 Re2 57. Rc1 Rb2 58. d6 Be2 59. a7 Rxb5+
60. Kd4 Bf3 61. Rxc7+ Kd8 62. Ke3 Be4 63. Re7 Ra5 64. Kf4 Bc6 65. Rc7 Bd7 66.
Rb7 Bc8 67. Rc7 Ra4+ 68. Ke5 Bd7 69. Rb7 Bc8 70. Rc7 f4 71. Rf7 Bd7 72. Rxf4
Ra5+ 73. Kf6 Rxa7 74. Rb4 Ra6 75. Ke5 Bc8 76. Rh4 Ra5+ 77. Kd4 Ra4+ 0-1

[Event "OLNO 1920 SSC Graal-Müritz - SG Lok Bra"]
[Site "?"]
[Date "2019.12.08"]
[Round "4.1"]
[White "Rehberg, Raphael"]
[Black "Luethke, Hans-Eckart"]
[Result "1-0"]
[WhiteElo "2227"]
[BlackElo "2114"]
[PlyCount "51"]
[EventDate "2019.??.??"]

1. e4 c5 2. Nf3 d6 3. d4 Nf6 4. Nc3 cxd4 5. Nxd4 a6 6. Bg5 e6 7. f4 Be7 8. Qf3
h6 9. Bh4 Qc7 10. O-O-O Nbd7 11. Be2 Rg8 12. Bg3 b5 13. e5 Bb7 14. exd6 Bxd6
15. Qe3 Qc5 16. Bf3 Rb8 17. Rhe1 g5 18. Nxe6 Qxe3+ 19. Rxe3 fxe6 20. Rxd6 Bxf3
21. Rdxe6+ Kf7 22. gxf3 Rbe8 23. Rxe8 Nxe8 24. Nd5 Nef6 25. Re7+ Kg6 26. Rxd7
1-0

[Event "OLNO 1920 SSC Graal-Müritz - SG Lok Bra"]
[Site "?"]
[Date "2019.12.08"]
[Round "4.3"]
[White "Walter, Guenter"]
[Black "Van Bentum, Horst"]
[Result "1/2-1/2"]
[WhiteElo "2153"]
[BlackElo "2069"]
[PlyCount "55"]
[EventDate "2019.??.??"]

1. e4 e5 2. Nc3 Nf6 3. Nf3 Nc6 4. Bb5 Bb4 5. O-O O-O 6. d3 d6 7. Bg5 Bxc3 8.
bxc3 h6 9. Bd2 Nh7 10. h3 Qe7 11. Qe2 Bd7 12. d4 a6 13. Bd3 Rfe8 14. Rae1 Qf6
15. d5 Ne7 16. Nh2 Ng6 17. Ng4 Qh4 18. Kh2 Bxg4 19. Qxg4 Qxg4 20. hxg4 f6 21.
g3 Ngf8 22. Kg2 Nd7 23. f3 Nhf8 24. Rh1 Nc5 25. f4 Nfd7 26. Kf3 Re7 27. f5 Kf7
28. Rb1 1/2-1/2